00428pab a2200157 454500008004000000100001700040245004600057260000900103300001300112362001100125650003000136650003000166650002200196700001800218773003400236180718b2015 xxu||||| |||| 00| 0 eng d aBhan, Gautam aReading spatial inequality in urban India c2015 ap.49-54. a30 May aUrban development - India aSocial inequality - India aSocial inequality aJana, Arindam aEconomic and Political Weekly